La Gioconda / (Record no. 196094)

MARC details
000 -LEADER
campo de control de longitud fija 02978njm a2200589 i 4500
001 - NÚMERO DE CONTROL
campo de control 196094
003 - IDENTIFICADOR DE NÚMERO DE CONTROL
campo de control ES-MaACL
005 - FECHA Y HORA DE LA ÚLTIMA TRANSACCIÓN
campo de control 20250904042256.0
007 - CAMPO FIJO DE DESCRIPCIÓN FÍSICA--INFORMACIÓN GENERAL
campo de control de longitud fija sd*fsngnnmmned
008 - DATOS DE LONGITUD FIJA--INFORMACIÓN GENERAL
campo de control de longitud fija 240209s2006 sp opn d / ita
015 ## - NÚMERO DE BIBLIOGRAFÍA NACIONAL
Número de bibliografía nacional SON07
017 ## - NÚMERO DE COPYRIGHT O DE DEPÓSITO LEGAL
Número de copyright o de depósito legal M 48049-2006
Agencia que asigna Oficina Depósito Legal Madrid
020 ## - NÚMERO INTERNACIONAL ESTÁNDAR DEL LIBRO
Número Internacional Estándar del Libro 9788496832169
035 ## - NÚMERO DE CONTROL DEL SISTEMA
Número de control de sistema (OCoLC)431112409
035 ## - NÚMERO DE CONTROL DEL SISTEMA
Número de control de sistema (SpMaBN)a4579713
040 ## - FUENTE DE CATALOGACIÓN
Centro catalogador/agencia de origen SpMaBN
Lengua de catalogación spa
Centro/agencia transcriptor SpMaBN
Normas de descripción rdc
100 1# - ENTRADA PRINCIPAL--NOMBRE DE PERSONA
Nombre de persona Ponchielli, Amilcare,
Fechas asociadas al nombre 1834-1886
9 (RLIN) 240588
Término indicativo de función/relación Compositor
240 13 - TÍTULO UNIFORME
Título uniforme La Gioconda
245 13 - MENCIÓN DEL TÍTULO
Título La Gioconda /
Mención de responsabilidad, etc. Ponchielli ; libreto de Arrigo Boito
Medio [Grabación sonora]
260 ## - PUBLICACIÓN, DISTRIBUCIÓN, ETC.
Lugar de publicación, distribución, etc. Madrid :
Nombre del editor, distribuidor, etc. Prisa Innova,
Fecha de publicación, distribución, etc. D.L. 2007
264 ## - PRODUCCIÓN, PUBLICACIÓN, DISTRIBUCIÓN, FABRICACIÓN Y COPYRIGHT
Producción, publicación, distribución, fabricación y copyright ©2007
300 ## - DESCRIPCIÓN FÍSICA
Extensión 2 discos (CD Audio) +
Material acompañante/anejo 1 libro (92 páginas)
336 ## - TIPO DE CONTENIDO
Fuente rdacontent
Término de tipo de contenido música (interpretada)
337 ## - TIPO DE MEDIO
Fuente rdamedia
Nombre/término del tipo de medio audio
338 ## - TIPO DE SOPORTE
Fuente rdacarrier
Nombre/término del tipo de soporte volumen
490 1# - MENCIÓN DE SERIE
Mención de serie Los clásicos de la ópera, 400 años ;
Designación de volumen o secuencia 18
500 ## - NOTA GENERAL
Nota general Remasterizado
511 1# - NOTA DE PARTICIPANTES O INTÉRPRETES
Nota de participantes o intérpretes Maria Callas, Fedora Barbieri, Giulio Neri, Maria Amadini, Gianni Poggi, Paolo Silveri, Piero Poldi, Armando Benzi ; Orquesta y Coro de la RAI de Turín ; Antonino Votto, director musical.
518 ## - NOTA DE FECHA/HORA Y LUGAR DE UN ACONTECIMIENTO
Nota de fecha/hora y lugar de un acontecimiento Grabado en estudio en 1952
520 ## - RESUMEN, ETC.
Sumario, etc. Amilcare Pnchielli llama nuestra atención por haber logrado situarse en el mundo complejo de la ópera italiana tardo-romántica. Su insistente dedicación a la ópera le permitió ir madurando sus habilidades hasta lograr un éxito definitivo con La Gioconda, a los 42 años de edad (1876). una ópera de grandes pasiones situada en la Venecia ducal, cuyo triunfo que se debe en parte a que Verdi parecía haberse retirado ya después de su Réquiem y el trono operístico italiano estaba casi vacante.
650 #7 - PUNTO DE ACCESO ADICIONAL DE MATERIA--TÉRMINO DE MATERIA
Término de materia o nombre geográfico como elemento de entrada Óperas-
9 (RLIN) 137584
Subdivisión de forma Libretos
655 #7 - TERMINO DE INDIZACIÓN--GENERO/FORMA
Datos o término principal de género/forma Libretos
Fuente del término
9 (RLIN) 242219
700 1# - ENTRADA AGREGADA--NOMBRE PERSONAL
Nombre de persona Boito, Arrigo,
Fechas asociadas al nombre 1842-1918-
Título de la obra La Gioconda-
Lenguaje de la obra Español-Italiano
9 (RLIN) 238182
Término indicativo de función/relación Libretista
700 1# - ENTRADA AGREGADA--NOMBRE PERSONAL
Nombre de persona Callas, Maria,
Fechas asociadas al nombre 1923-1977
9 (RLIN) 240502
Término indicativo de función/relación Intérprete
700 1# - ENTRADA AGREGADA--NOMBRE PERSONAL
Nombre de persona Barbieri, Fedora,
Fechas asociadas al nombre 1920-2003
9 (RLIN) 238183
Término indicativo de función/relación Intérprete
700 1# - ENTRADA AGREGADA--NOMBRE PERSONAL
Nombre de persona Neri, Giulio,
Fechas asociadas al nombre 1909-1958
9 (RLIN) 238184
Término indicativo de función/relación Intérprete
700 1# - ENTRADA AGREGADA--NOMBRE PERSONAL
Nombre de persona Amadini, Maria
9 (RLIN) 238185
Término indicativo de función/relación Intérprete
700 1# - ENTRADA AGREGADA--NOMBRE PERSONAL
Nombre de persona Poggi, Gianni,
Fechas asociadas al nombre 1921-1989
9 (RLIN) 238186
Término indicativo de función/relación Intérprete
700 1# - ENTRADA AGREGADA--NOMBRE PERSONAL
Nombre de persona Silveri, Paolo,
Fechas asociadas al nombre 1913-2001
9 (RLIN) 238187
Término indicativo de función/relación Intérprete
700 1# - ENTRADA AGREGADA--NOMBRE PERSONAL
Nombre de persona Poldi, Piero
9 (RLIN) 238188
Término indicativo de función/relación Intérprete
700 1# - ENTRADA AGREGADA--NOMBRE PERSONAL
Nombre de persona Benzi, Armando
9 (RLIN) 238189
Término indicativo de función/relación Intérprete
700 1# - ENTRADA AGREGADA--NOMBRE PERSONAL
Nombre de persona Votto, Antonino,
Fechas asociadas al nombre 1896-1985
9 (RLIN) 238190
Término indicativo de función/relación Director musical
710 2# - ENTRADA AGREGADA--NOMBRE DE ENTIDAD CORPORATIVA
Nombre de entidad corporativa o nombre de jurisdicción como elemento de entrada Radiotelevisione italiana-
Unidad subordinada Orchestra Sinfonica di Torino
9 (RLIN) 235567
710 2# - ENTRADA AGREGADA--NOMBRE DE ENTIDAD CORPORATIVA
Nombre de entidad corporativa o nombre de jurisdicción como elemento de entrada Radiotelevisione italiana.
Unidad subordinada Coro di Torino
9 (RLIN) 238180
852 ## - LOCALIZACIÓN
Ubicación ES-MaACL
Sublocalización o colección R.155030
Ubicación en estantería Depósito J
Número de control de estantería N-9813
Donativo/Legado Donación: Miren Fernández
Encuadernación Encuadernación cartoné
Designación de la unidad física Volumen 18
itemnumber 205645
903 ## - NOMBRE PERSONAL DE DONANTE
a Fernández, Miren
e Donante
942 ## - ELEMENTOS DE ENTRADA SECUNDARIOS (KOHA)
Tipo de ítem Koha Libro impreso
Suprimir en OPAC No
Holdings
Estatus retirado Estado de pérdida Fuente del sistema de clasificación o colocación Estado de daño No para préstamo Biblioteca de origen Biblioteca actual Ubicación en estantería Fecha de adquisición Fuente de adquisición Total de préstamos Signatura topográfica completa Código de barras Visto por última vez Precio de reemplazo Tipo de ítem Koha
    Clasificación decimal universal     Biblioteca del Ateneo de Madrid Biblioteca del Ateneo de Madrid Depósito J 20/05/2025 Donación   N-9813 101230118 20/05/2025 20/05/2025 Libro impreso